00956nas a2200325 4500001001300000003000900013005001700022007000300039008003400042040005400076041000900130072001100139100001800150100001800168100001700186100001600203100001600219100001900235100001700254100001700271110000600288245008100294650001000375650003100385650001200416650002000428650002000448773011600468856004600584BR2015002473BR-BrBNA20231205125244.0ta230509b bl.|||p| |||| 00| 00por d aBR-BrBNAbporcBiblioteca Nacional de Agricultura a(En) aF60; 1 aPereira, M.C.1 aBoschetti, W.1 aRampazzo, R.1 aCelso, P.G.1 aHertz, P.F.1 aRios, A. de O.1 aVizzotto, M.1 aFlores, S.H.1 a 1 aMineral characterization of native fruits from the southern region of Brazil aFRUTA aPROPRIEDADE FISICO-QUIMICA aMINERAL aANALISE QUIMICA aESPECTROMETRIA 0 tCiência e Tecnologia de Alimentos (Brazil)xISSN 1678-457Xg(Apr-Jun 2014), v. 34(2) p. 258-266wBR201500247340uhttp://www.scielo.br/pdf/cta/v34n2/06.pdf